| 000 | 01147nam a22002417a 4500 | ||
|---|---|---|---|
| 005 | 20121010141910.0 | ||
| 008 | 121010t xxu||||| |||| 00| 0 mar d | ||
| 010 | _aMAR-22871 | ||
| 020 | _c130.00 | ||
| 035 | _aMR-15529 | ||
| 037 | _bDBAD/PUB | ||
| 040 |
_aDPL _bMR |
||
| 082 | _a921 | ||
| 100 |
_953016 _aपाटील, शंकर विठोबा |
||
| 245 |
_aएका इतिहासकाराचा इतिहास / _cशंकर विठोबा पाटील |
||
| 246 |
_aEka Itihaskaracha Itihas _bby Shankar Vithoba Patil |
||
| 260 |
_aजि. बुलडाना _bचैतन्य प्रकाशन _c2011 |
||
| 270 |
_bजि. बुलडाना _aदुधलगाव बुद्रुक,ता.मलकापुर,जि बुलडाना(महाराष्ट्र) _e443101 |
||
| 300 |
_a130पृ _c21सेमी(अजिल्द) _bसचित्र |
||
| 650 | _954401 | ||
| 942 |
_2ddc _cMR _mपाटील _h921 |
||
| 999 |
_c72281 _d72281 |
||